| 000 | 00949cam a22002175a 4500 | ||
|---|---|---|---|
| 001 | L158702 | ||
| 008 | 150625s2014 xxk f 000 0 eng d | ||
| 020 | _a9781907698934 | ||
| 035 | _a(Sirsi) u158702 | ||
| 041 | 0 | _aeng | |
| 050 | 0 | 4 | _a711.1/CHA |
| 100 | 1 | _aLe Chat, G | |
| 245 | 0 | 0 | _aProperty Development |
| 250 | _a2nd | ||
| 260 |
_aLondon _bLaw Society _c2015 |
||
| 300 |
_axxviii, 441p _c25cm |
||
| 520 | _aProvides a guide to the acquisition of land for development and an analysis of the most commonly used transaction structures. Takes into account changes in the law since 2010 including; Assets of Community Value (England) Regulations 2012, Community Infrastructure Levy Regulations 2010, Growth and Infrastructure Act 2013 and Localism Act 2011. Includes CD which includes a range of new and updated checklists and example model clauses. | ||
| 651 | 4 | _aUnited Kingdom | |
| 690 |
_aPlanning and development _96259 |
||
| 942 | _n0 | ||
| 999 |
_c115464 _d115464 |
||